000
00299nam a22001337a 4500
008
181022b xxu||||| |||| 00| 0 eng d
020
_a
9780898793468
041
_a
eng
080
_a
821
100
_a
21
101
_a
GJL
245
_a
The Art & Craft of Novel Writing
_c
Hall, O
942
_2
udc
_c
BK
999
_c
50555
_d
50555